| 000 | 02989cab a2200781 4500 | ||
|---|---|---|---|
| 001 | ABS46080 | ||
| 008 | 090401t1992 xxu||||| |||| 00| 0 eng d | ||
| 035 | _a(Sirsi) u56737 | ||
| 041 | _aeng | ||
| 100 | _aLuba, J. | ||
| 245 | _aRecent developments in housing law | ||
| 260 | _c1992 | ||
| 350 | _a0 | ||
| 490 |
_aLegal Action _vMarch 1992, 10-15(6) |
||
| 520 | _aReviews recent changes in housing law: squatting, tenants` charter, public sector tenancies, security of tenure, tenancy termination, possession, setting aside possession orders, tenancy agreements, repairs, damages, Rent Act 1977, Housing Act 1988, forfeiture and long leases, assignment of tenancies, trespassers, adverse possession, harassment and illegal eviction. Section on homelessness looks at applications for accommodation, defines `homelessness`, priority need, intentional homelessness and duties to the homeless. Illustrates with reference to case law | ||
| 650 | _aAHMAD V CIRANT | ||
| 650 | _aARIWODO V COMFORT | ||
| 650 | _aBILLSON AND OTHERS V RESIDENTIAL APARTMENTS LTD | ||
| 650 | _aCARDIFF CC V POWELL | ||
| 650 | _aCOPALL V FRYXELL | ||
| 650 | _aCRAGO V JULIAN | ||
| 650 | _aCROYDON LBC V WILKINSON | ||
| 650 | _aEPHRAIM V NEWHAM LBC AND MIRZA | ||
| 650 | _aFORFEITURE | ||
| 650 | _aGATES V SOUTHWARK LBC | ||
| 650 | _aHACKNEY LBC V HUNT | ||
| 650 | _aHAMMERSMITH AND FULHAM LBC V MONK | ||
| 650 | _aHERBERT V LAMBETH LBC | ||
| 650 | _aHOMELESSNESS | ||
| 650 | _aHOUSING ACT 1988 | ||
| 650 | _aISLINGTON LBC V BAKARI | ||
| 650 | _aKING V SOUTH NORTHAMPTONSHIRE DC | ||
| 650 | _aLANCASTER CC V COHEN | ||
| 650 | _aLEWIS-GRAHAM V CONACHER | ||
| 650 | _aLILLIESHALL ROAD HOUSING COOPERATIVE LTD V BRENNAN | ||
| 650 | _aLONDON AND QUADRANT HOUSING TRUST V WHITE | ||
| 650 | _aMACDONALD V TIPPING | ||
| 650 | _aMANCHESTER DC V VICKERS | ||
| 650 | _aMARSDEN V MILLER | ||
| 650 | _aMCCAFFREY V EKANGO | ||
| 650 | _aN&D LONDON LTD V GADSDON | ||
| 650 | _aNEWMAN V KAY | ||
| 650 | _aR V BRENT LBC EX P BLATT | ||
| 650 | _aR V CROYDON LBC EX P JARVIS | ||
| 650 | _aR V ENFIELD JUSTICES EX P WHITTLE | ||
| 650 | _aR V HAMMERSMITH AND FULHAM LBC EX P O'SULLIVAN | ||
| 650 | _aR V LEEDS CITY COUNCIL EX P ADAMIEC | ||
| 650 | _aR V LEWISHAM LBC EX P CREPPY | ||
| 650 | _aR V OLDHAM MBC EX P GARLICK | ||
| 650 | _aR V TOWER HAMLETS LBC EX P BEGUM | ||
| 650 | _aR V TOWER HAMLETS LBC EX P BIBI | ||
| 650 | _aR V TYNDALE DC EX P MACABE | ||
| 650 | _aRENFEW DC V INGLIS | ||
| 650 | _aREPAIRS | ||
| 650 | _aRUSHCLIFFE BC V WATSON | ||
| 650 | _aSECURITY OF TENURE | ||
| 650 | _aSHEA V HACKNEY LBC | ||
| 650 | _aSHEPHERDS BUSH HA V HATS COOPERATIVE OF HAMMERSMITH LTD | ||
| 650 | _aSQUATTING | ||
| 650 | _aSULLIVAN V JOHNSON | ||
| 650 | _aTARGETT V TOFEAN BC | ||
| 650 | _aTOWER HAMLETS LBC V MIAH | ||
| 650 | _aWESTMINSTER CC V CLARKE | ||
| 690 | _aHOUSING | ||
| 700 | _aMadge, N. | ||
| 942 | _n0 | ||
| 948 | _c04/03/1997 | ||
| 999 |
_c34632 _d34632 |
||